00263nam a2200109Ia 4500008004100000040000600041041001200047082000800059245006900067260000800136260000900144141004s9999 xx 000 0 und d ca aEnglish aKAU aResearch priority setting in agriculture: the kerala perspective bKAU c2006